00962nam a2200241 a 450000100060000000300080000600500170001400800410003102000130007203500190008504000260010404100080013008200260013810000390016424500520020326001180025530000720037365000500044565000280049594200120052399900170053595201680055241123BD-RjUL20211209053331.0160516s1968 ii a|||| |||| 00| f ben d cTk. 6.00 a(BD-RjUL)41239 aBD-RjULbbencBD-RjUL aben 223a891.443bBAB 1968 aবসু, সমরেশ912628410aবান্দা /cসমরেশ বসু aকলকাতা :bবামাচরণ মুখোপাধ্যায়,c১৯৬৮ (১৩৭৫) a[৬], ২০২ পৃ. :bচিত্র ;c২৩ সেমি. aবাংলা উপন্যাস9126507 aBengali Fiction9126508 2ddccBK c41123d41123 00102ddc40708FICaRUCLbRUCLcStackd1974-12-05eJanathan Wren & co., Londong6.00l1oB 891.443 BAB 1968r2024-01-15 00:00:00s2023-12-27tC-2w2016-05-16yBK